[Event "BRA CEAX op 5th"]
[Site "Guarapari"]
[Date "2003.10.25"]
[Round "3"]
[White "Bayer, Biazi"]
[Black "Alves, Fabio"]
[Result "1-0"]
[WhiteElo "1817"]
[BlackElo "1800"]
[PlyCount "29"]
[EventDate "2003.10.24"]
[EventType "swiss"]
[EventRounds "6"]
[EventCountry "BRA"]
[SourceTitle "EXT 2006"]
[Source "ChessBase"]
[SourceDate "2005.11.24"]
[SourceVersion "1"]
[SourceVersionDate "2005.11.24"]
[SourceQuality "1"]

1. e4 e5 2. d4 exd4 3. Qxd4 Nc6 4. Qe3 a6 5. Bd2 Nf6 6. e5 Nd5 7. Qe4 Qe7 8. Qxd5 d6 9. Nc3 Be6 10. Qe4 dxe5 11. 0-0-0 0-0-0 12. Nf3 f6 13. Bxa6 Nb4 14. Qxb7+ Kd7 15. Bb5+ 1-0

[Event "BRA CEAX op 5th"]
[Site "Guarapari"]
[Date "2003.10.25"]
[Round "2"]
[White "Nogueira, Neil Armstrong Lima"]
[Black "Alves, Fabio"]
[Result "0-1"]
[WhiteElo "1800"]
[BlackElo "1800"]
[PlyCount "46"]
[EventDate "2003.10.24"]
[EventType "swiss"]
[EventRounds "6"]
[EventCountry "BRA"]
[SourceTitle "EXT 2006"]
[Source "ChessBase"]
[SourceDate "2005.11.24"]
[SourceVersion "1"]
[SourceVersionDate "2005.11.24"]
[SourceQuality "1"]

1. e4 c5 2. Nf3 e5 3. Nxe5 Qe7 4. Nf3 Qxe4+ 5. Be2 Nf6 6. Nc3 Qe7 7. 0-0 Nc6 8. Re1 Qd8 9. Bb5+ Be7 10. Bxc6 dxc6 11. Na4 0-0 12. d3 Bg4 13. Qd2 Bxf3 14. gxf3 Nd5 15. Qe2 Re8 16. Kh1 Bd6 17. Qd2 Qh4 18. f4 Bxf4 19. Qxf4 Rxe1+ 20. Kg2 Nxf4+ 21. Kf3 Qxh2 22. Nxc5 Nh3 23. Ne4 f5 0-1